• 首页
  • 本馆介绍
  • 公告通知
  • 最新文献
  • 馆藏检索
  • 电子资源
  • 读者导购
  • 参考咨询
  • 我的图书馆
  • 登录
  • 详细信息显示
  • 放入我的书架
  • 预约/预借图书
  • 作者相关作品
  • 分类相关作品
  • 丛书相关作品
  • 出版社相关作品

书目信息

  • 表格格式
  • 工作单格式
  • 卡片格式
题名:
美国史纲
    
 
作者: 列·伊·祖波克 著 ;庚声 译
分册: 上册  
出版信息: 上海   生活·读书·新知三联书店  1962.3
页数: 537页
开本: 20cm
丛书名:
单 册:
中图分类: K712.0
科图分类:
主题词: 北美洲--历史
电子资源:
ISBN:
000 00724nam0 2200241 45
001 0212170968
005 20031219104102.3
010    @dCNY2.85
091    @a11002.451
100    @a20021217d1962 km y0chiy0120 ea
101 0  @achi
105    @ayy z 000yy
200 1  @a美国史纲@AMei Guo Shi Gang@e1877-1918年@E1877-1918 Nian@h上册@f(苏)列·伊·祖波克著@F(Su)Lie·Yi·Zu Bo Ke Zhu@g庚声译
210    @a上海@c生活·读书·新知三联书店@d1962.3
215    @a537页@d20cm
300    @a内部参考读物
517    @a1877-1918年@A1877-1918 Nian
606 0  @a北美洲@x历史
690    @aK712.0@v3
701  0 @a列·伊·祖波克@4著
702  0 @a庚声@AGeng Sheng@4译
801    @aCN@bTSTC@c20021217
905    @dK712.0@e17:1@f1@b219164
    
    美国史纲:1877-1918年.上册/(苏)列·伊·祖波克著/庚声译.-上海:生活·读书·新知三联书店,1962.3
    537页;20cm
    内部参考读物
    
    ISBN :CNY2.85
    
●
相关链接 在E读中查询图书 在五车中查询图书 在当当中查询图书 在豆瓣中查询图书


正题名:美国史纲     索取号:K712.0/17:1         预约/预借

序号 登录号 条形码 馆藏地/架位号 状态 备注
1 0219164   001736973   第二样本阅览室/ [索取号:K712.0/17:1] 在馆    
唐山师范学院图书馆 欢迎您!
大连网信软件有限公司© 版权所有